000 00684nam a2200241 i 4500
001 bg
100 1 _aKRZYŚLAK, Piotr
245 1 0 _aPodnoszenie sprawności cieplnych układów turboparowych /
_cPiotr Krzyślak.
260 _aGdańsk :
_bWydaw. PG,
_c2002.
300 _a97, [1] s. :
_bil. ;
_c24 cm.
490 1 _aMonografie / Politechnika Gdańska ;
_v25
500 _aStreszcz. ang.
504 _aBibliogr.
650 9 _aTurbiny parowe
830 0 _aMonografie (Politechnika Gdańska) ;
_v25
020 _a8373480021
040 _cBPK
041 0 _apl
_ben
080 _a621.438
920 _a83-7348-002-1
942 _cKS
008 s pl f |000 0 pol
999 _c42079
_d42079
856 _uhttp://koha.tu.koszalin.pl/cgi-bin/koha/opac-detail.pl?biblionumber=42079
_yKatalog online BPK